书目信息 |
| 题名: |
固体电解质
|
|
| 作者: | 哈根穆勒 , Hagenmuller 著 ;陈立泉 译 | |
| 分册: | ||
| 出版信息: | 北京 科学出版社 1984 |
|
| 页数: | 519页 | |
| 开本: | 21cm | |
| 丛书名: | ||
| 单 册: | ||
| 中图分类: | O646.1 , TM24 | |
| 科图分类: | ||
| 主题词: | 固体电解质 , 导电材料 , 导电材料--制品 | |
| 电子资源: | ||
| ISBN: | ||
| 000 | 01031nam0 2200325 45 | |
| 001 | 0184016493 | |
| 005 | 20040521105620.9 | |
| 010 | @dCNY3.10 | |
| 091 | @a13031.2737 | |
| 100 | @a19950623d1984 emky0chiy0121 ea | |
| 101 | 1 | @achi@ceng |
| 102 | @aCN@b110000 | |
| 105 | @ay z 000yy | |
| 106 | @ar | |
| 200 | 10 | @a固体电解质@Agu ti dian jie zhi@e一般原理、特征、材料和应用@f( )哈根穆勒(P.Hagenmuller)著@g陈立泉译 |
| 210 | @a北京@c科学出版社@d1984 | |
| 215 | @a519页@d21cm | |
| 300 | @a书名原文:Solid electrolytes-generawl princips,characterization,materials,applications | |
| 510 | 1 | @aSolid electrolytes-generawl princips,characterization,materials,application@zeng |
| 606 | @a固体电解质 | |
| 606 | 0 | @a导电材料 |
| 606 | 0 | @a导电材料@x制品 |
| 690 | @aO646.1@v3 | |
| 690 | @aTM24 | |
| 701 | 1 | @a哈根穆勒@Aha gen mu le@bP.@4著 |
| 701 | A1 | @aHagenmuller@bP.@4著 |
| 702 | 0 | @a陈立泉@Achen li quan@4译 |
| 801 | 0 | @aCN@b上海图书馆@c20040521 |
| 801 | 2 | @aCN@bNLC@c20040521 |
| 905 | @f2@b120008-009@dTM24@e6 | |
| 固体电解质:一般原理、特征、材料和应用/( )哈根穆勒(P.Hagenmuller)著/陈立泉译.-北京:科学出版社,1984 |
| 519页;21cm |
| 书名原文:Solid electrolytes-generawl princips,characterization,materials,applications |
| ISBN :CNY3.10 |
| ● |
| 相关链接 |
|
|
|
|
正题名:固体电解质
索取号:TM24/6
 
预约/预借
| 序号 | 登录号 | 条形码 | 馆藏地/架位号 | 状态 | 备注 |
| 1 | 0120008 | 001344450 | 第三借阅区/ [索取号:TM24/6] | 在馆 | |
| 2 | 0120009 | 001344469 | 第三借阅区/ [索取号:TM24/6] | 在馆 | |
| 3 | 0120010 | 001344478 | 第二样本阅览室/ [索取号:TM24/6] | 在馆 |